Talambuhay ng mga Pangulo : (Record no. 9284)

MARC details
000 -LEADER
fixed length control field 00473nam a22001577a 4500
003 - CONTROL NUMBER IDENTIFIER
control field OSt
005 - DATE AND TIME OF LATEST TRANSACTION
control field 20260326031121.0
008 - FIXED-LENGTH DATA ELEMENTS--GENERAL INFORMATION
fixed length control field 260326b |||||||| |||| 00| 0 eng d
040 ## - CATALOGING SOURCE
Original cataloging agency DWCL GS lib
Transcribing agency OC
082 ## - DEWEY DECIMAL CLASSIFICATION NUMBER
Classification number Res.(Fil.) 920 B336t 1996
100 ## - MAIN ENTRY--PERSONAL NAME
Personal name Batubalani, A.M
245 ## - TITLE STATEMENT
Title Talambuhay ng mga Pangulo :
Remainder of title Republika ng Pilipinas /
Statement of responsibility, etc. A.M Batubalani
300 ## - PHYSICAL DESCRIPTION
Extent 017 pages:
Other physical details illustratons
Dimensions 20cm.
546 ## - LANGUAGE NOTE
Language note Filipino
942 ## - ADDED ENTRY ELEMENTS (KOHA)
Source of classification or shelving scheme Dewey Decimal Classification
Koha item type Book- Reserved
Classification part Res.(Fil.)
Suppress in OPAC No
952 ## - LOCATION AND ITEM INFORMATION (KOHA)
--
952 ## - LOCATION AND ITEM INFORMATION (KOHA)
--
Holdings
Withdrawn status Lost status Source of classification or shelving scheme Damaged status Not for loan Home library Current library Date acquired Source of acquisition Total Checkouts Full call number Barcode Date last seen Copy number Price effective from Koha item type Uniform Resource Identifier
    Dewey Decimal Classification     Grade School Library Grade School Library 03/26/2026 School Fund, Donation   Res.(Fil.) 920 B336t 1996 19725 03/26/2026 c1 03/26/2026 BK-0 CIRC
    Dewey Decimal Classification     Grade School Library Grade School Library 03/26/2026 School Fund, Donation   Res.(Fil.) 920 B336t 1996 19724 03/26/2026 c2 03/26/2026 BK-0 CIRC